| Tag |
First Indicator |
Second Indicator |
Subfields |
| LEADER |
00000cam a2200000 4500 |
| 001 |
in00000070835 |
| 005 |
20151008061927.0 |
| 008 |
750324s1974 mnu 00110aeng |
| 010 |
|
|
|a 74076742
|
| 020 |
|
|
|a 0816607176
|
| 035 |
|
|
|a (OCoLC)01234072
|
| 035 |
|
|
|9 AAJ9151AM
|
| 040 |
|
|
|a DLC
|c DLC
|d m.c.
|d TXA
|d UtOrBLW
|
| 043 |
|
|
|a e-uk---
|
| 049 |
|
|
|a TXAM
|c [718100]
|
| 050 |
0 |
0 |
|a PR5183
|b A44 1974
|
| 082 |
0 |
|
|a 822/.8
|a B
|
| 100 |
1 |
|
|a Pinero, Arthur Wing,
|d 1855-1934.
|
| 245 |
1 |
4 |
|a The collected letters of Sir Arthur Pinero /
|c Edited by J. P. Wearing.
|
| 264 |
|
1 |
|a Minneapolis :
|b University of Minnesota Press,
|c [1974]
|
| 300 |
|
|
|a ix, 302 pages ;
|c 24 cm.
|
| 336 |
|
|
|a text
|b txt
|2 rdacontent
|
| 337 |
|
|
|a unmediated
|b n
|2 rdamedia
|
| 338 |
|
|
|a volume
|b nc
|2 rdacarrier
|
| 500 |
|
|
|a Title on spine: Pinero letters.
|
| 600 |
1 |
0 |
|a Pinero, Arthur Wing,
|d 1855-1934
|x Correspondence.
|
| 650 |
|
0 |
|a Authors, English
|v Correspondence.
|
| 650 |
|
0 |
|a Theater
|z Great Britain.
|
| 740 |
0 |
|
|a Pinero letters.
|
| 999 |
|
|
|a MARS
|
| 999 |
f |
f |
|s bd517693-9989-33ed-b863-36b53b67712c
|i 2cbe6686-400e-3bb5-91a0-3a091c6c25a7
|t 0
|
| 952 |
f |
f |
|p ric
|a Texas A&M University
|b Rellis Campus
|c Joint Library Facility
|d Remote Storage
|t 0
|e PR5183 A44 1974
|h Library of Congress classification
|i unmediated -- volume
|m A14803968937
|
| 998 |
f |
f |
|a PR5183 A44 1974
|t 0
|l Remote Storage
|